Sivá vlčice : (Record no. 21084)
[ view plain ]
| 000 -LEADER | |
|---|---|
| fixed length control field | 00679nam a22002171 4500 |
| 001 - CONTROL NUMBER | |
| control field | 21084 |
| 003 - CONTROL NUMBER IDENTIFIER | |
| control field | CZ PrNK |
| 005 - DATE AND TIME OF LATEST TRANSACTION | |
| control field | 20260212150239.0 |
| 008 - FIXED-LENGTH DATA ELEMENTS--GENERAL INFORMATION | |
| fixed length control field | 020212s1968 xo slo |
| 040 ## - CATALOGING SOURCE | |
| Original cataloging agency | ABA001 |
| Language of cataloging | cze |
| Transcribing agency | ABA001 |
| Modifying agency | ABA001 |
| 100 1# - MAIN ENTRY--PERSONAL NAME | |
| Personal name | Holeček, Jaroslav, |
| Dates associated with a name | 1911-1973 |
| Relationship | pht |
| 245 10 - TITLE STATEMENT | |
| Title | Sivá vlčice : |
| Remainder of title | [Fot. publ.] / |
| Statement of responsibility, etc. | Jaroslav Holeček ; Text naps. Miloš Krno |
| 250 ## - EDITION STATEMENT | |
| Edition statement | 1. vyd. |
| 260 ## - PUBLICATION, DISTRIBUTION, ETC. | |
| Place of publication, distribution, etc. | Bratislava : |
| Name of publisher, distributor, etc. | Vyd. pol. literatúry, |
| Date of publication, distribution, etc. | 1968 |
| 300 ## - PHYSICAL DESCRIPTION | |
| Extent | 149 s. ; |
| Dimensions | 8° |
| 490 1# - SERIES STATEMENT | |
| Series statement | Knižnica Ľudového kalendára ; |
| Volume/sequential designation | Zv. 3 |
| 700 1# - ADDED ENTRY--PERSONAL NAME | |
| Personal name | Krno, Miloš, |
| Dates associated with a name | 1922-2007 |
| Relationship | trl |
| 830 #0 - SERIES ADDED ENTRY--UNIFORM TITLE | |
| Uniform title | Knižnica Ľudového kalendára |
| 910 ## - USER-OPTION DATA (OCLC) | |
| User-option data | ABA001 |
| 942 ## - ADDED ENTRY ELEMENTS (KOHA) | |
| Source of classification or shelving scheme | Dewey Decimal Classification |
| Koha item type | Krásna literatúra pre dospelých |
| Suppress in OPAC | No |
| Stav vyradenia | Strata | Poškodenie | Spôsob nadobudnutia | Domovská knižnica | Aktuálna knižnica | Dátum nadobudnutia | Total checkouts | Čiarový kód exemplára | Date last seen | Typ exemplára |
|---|---|---|---|---|---|---|---|---|---|---|
| Dar | Obecná knižnica Horná Štubňa | Obecná knižnica Horná Štubňa | 12.02.2026 | 4736201247 | 12.02.2026 | Odborná literatúra pre dospelých |
